| 000 | 00355pam a2200157a 44500 | ||
|---|---|---|---|
| 008 | 230515b2004 xxu||||| |||| 00| 0 eng d | ||
| 020 | _aNULL | ||
| 041 | _aENGLISH | ||
| 082 | _a617.8059 | ||
| 100 | _aDAWN C.S | ||
| 245 | _aMANIPAL MANUAL OF SURGERY | ||
| 250 | _a0 | ||
| 260 |
_a _bDAWN BOOKS CALCUTTA -14 _c2004 |
||
| 300 | _a436 | ||
| 650 | _aNULL | ||
| 999 |
_c552502 _d552502 |
||